|
|
|
|
| LEADER |
00948nam a2200289 a 4500 |
| 001 |
7731 |
| 003 |
BD-DhAAL |
| 005 |
20150704113341.0 |
| 008 |
150704s2002 nyu 000 1 eng |
| 010 |
|
|
|a 2001048849
|
| 020 |
|
|
|a 0553813439
|
| 040 |
|
|
|a DLC
|c DLC
|d DLC
|d BD-DhAAL
|
| 050 |
0 |
0 |
|a PS3553.H4838
|b W58 2002
|
| 082 |
0 |
0 |
|a 813/.54
|2 21
|
| 100 |
1 |
|
|a Child, Lee.
|9 12813
|
| 245 |
1 |
0 |
|a Without fail /
|c Lee Child.
|
| 260 |
|
|
|a London :
|b Bantam Books,
|c c2002.
|
| 300 |
|
|
|a 555 p. ;
|c 18 cm.
|
| 490 |
0 |
|
|a Reacher series ;
|v 6
|
| 500 |
|
|
|a A Reacher novel
|
| 541 |
|
|
|e 7731
|
| 650 |
|
0 |
|a Reacher, Jack (Fictitious character)
|v Fiction.
|9 12814
|
| 650 |
|
0 |
|a Military police
|v Fiction.
|9 12815
|
| 655 |
|
7 |
|a Suspense fiction.
|2 gsafd
|9 12793
|
| 942 |
|
|
|2 ddc
|c BK
|
| 999 |
|
|
|c 34929
|d 34929
|
| 952 |
|
|
|0 0
|1 0
|2 ddc
|4 0
|6 813_540000000000000_CHI
|7 0
|9 54685
|a SCL
|b SCL
|c GEN
|d 2015-07-04
|e Gift
|l 8
|m 34
|o 813.54 CHI
|p 3020007731
|r 2026-04-06
|s 2026-03-30
|t 1
|w 2015-07-04
|y BK
|